[Event "Berisso Manrique op 6th"]
[Site "Berisso"]
[Date "2019.08.19"]
[Round "6.5"]
[White "Nicolas, Francisco Abraham"]
[Black "Muniz, Roberto Anibal"]
[Result "0-1"]
[WhiteElo "1614"]
[BlackElo "1712"]
[PlyCount "100"]
[EventDate "2019.08.15"]
[EventType "swiss"]
[EventRounds "6"]
[EventCountry "ARG"]
[SourceTitle "EXT 2024"]
[Source "ChessBase"]
[SourceDate "2023.10.10"]
[SourceVersion "1"]
[SourceVersionDate "2023.10.10"]
[SourceQuality "1"]

1. f4 d5 2. Nf3 Nf6 3. e3 c5 4. Be2 e6 5. 0-0 Bd6 6. b3 b6 7. Qe1 Nbd7 8. Bb2 Bb7 9. Qg3 Qe7 10. Ne5 0-0-0 11. a4 Rhg8 12. Nxd7 Nxd7 13. Bd3 Nf6 14. Be5 Ne4 15. Bxd6 Qxd6 16. Qh3 h6 17. Nc3 Nxc3 18. dxc3 Kb8 19. a5 f6 20. axb6 axb6 21. Ra4 e5 22. f5 e4 23. Be2 Qe5 24. Qg3 Qxg3 25. hxg3 Kc7 26. Rfa1 Ra8 27. Rxa8 Rxa8 28. Rxa8 Bxa8 29. Bh5 Kd6 30. Kf2 Bc6 31. Bf7 Ke5 32. Be6 h5 33. Bf7 Kxf5 34. Bxh5 g6 35. Be2 Ke5 36. Ke1 f5 37. Kd2 g5 38. Bf1 f4 39. gxf4+ gxf4 40. Be2 fxe3+ 41. Kxe3 d4+ 42. cxd4+ cxd4+ 43. Kf2 Be8 44. Ke1 Bg6 45. Kd2 Kf4 46. g4 Bh7 47. Bd1 Bg8 48. c3 d3 49. g5 Bh7 50. c4 e3+ 0-1

[Event "Berisso Manrique op 6th"]
[Site "Berisso"]
[Date "2019.08.16"]
[Round "2.8"]
[White "Sosa, Carlos"]
[Black "Nicolas, Francisco Abraham"]
[Result "0-1"]
[WhiteElo "1523"]
[BlackElo "1614"]
[PlyCount "116"]
[EventDate "2019.08.15"]
[EventType "swiss"]
[EventRounds "6"]
[EventCountry "ARG"]
[SourceTitle "EXT 2024"]
[Source "ChessBase"]
[SourceDate "2023.10.10"]
[SourceVersion "1"]
[SourceVersionDate "2023.10.10"]
[SourceQuality "1"]

1. c4 e6 2. Nc3 b6 3. Nf3 Bb7 4. g3 Nf6 5. Bg2 Bb4 6. a3 Bxc3 7. dxc3 0-0 8. 0-0 d5 9. cxd5 Bxd5 10. Bg5 Nbd7 11. Rc1 h6 12. Bf4 Re8 13. c4 Be4 14. Ne5 Bxg2 15. Kxg2 Nxe5 16. Qxd8 Raxd8 17. Bxe5 Re7 18. f3 Red7 19. Bc3 Ne8 20. Kf2 Nd6 21. b3 f6 22. g4 Nb7 23. b4 Kf7 24. h4 Nd6 25. Be1 a6 26. Rg1 b5 27. c5 Nc4 28. a4 c6 29. axb5 axb5 30. Ra1 Nb2 31. Ra6 Rc8 32. g5 hxg5 33. hxg5 e5 34. gxf6 gxf6 35. Rh1 Ke6 36. e3 Nd3+ 37. Ke2 Nxe1 38. Rxe1 Rcc7 39. Rd1 Rxd1 40. Kxd1 Kd5 41. Ra2 Kc4 42. Rb2 Rh7 43. Rg2 Kxb4 44. Kc1 Kxc5 45. Kb2 Rh3 46. Rc2+ Kb6 47. Rf2 b4 48. Kb3 Kb5 49. e4 c5 50. Kb2 c4 51. f4 Re3 52. fxe5 fxe5 53. Rf8 Re2+ 54. Kc1 c3 55. Rb8+ Kc4 56. Kd1 Rh2 57. Rc8+ Kb3 58. Rc5 Kb2 0-1